Statistiques concernant Palmarès de la Premier League (football)

Cliquez ici pour prendre le quiz!

Statistiques générales

  • Ce quiz a été pris 3 300 fois
  • Le résultat moyen est 12 sur 24

Statistiques - réponses

Titre(s)Clubs% Correct
19Liverpool
99%
9Manchester City
99%
20Manchester United
99%
13Arsenal
96%
6Chelsea
96%
7Aston Villa
77%
2Tottenham Hotspur
75%
1Leicester City
74%
9Everton
68%
4Newcastle United
67%
1Nottingham Forest
52%
3Leeds United
51%
2
Burnley
33%
6Sunderland
32%
3Blackburn Rovers
27%
3Wolverhampton Wanderers
23%
1Sheffield United
18%
2Derby County
16%
1West Bromwich Albion
12%
2Portsmouth
10%
4Sheffield Wednesday
10%
1Ipswich Town
8%
3Huddersfield Town
7%
2Preston North End
3%

Distribution des résultats

Percentile par nombre de réponses

% des personnes avec chaque résultat

Votre développement - résultats

Vous n’avez pas pris ce quiz